000 01515nam a2200325 a 4500
001 BRCA_3192
005 20190320204145.0
008 180209s1712----enka---###---#000-0#eng-u
041 _aeng
044 _aenk
084 _a492
_b.B83
_c1712
100 1 _aCervantes Saavedra, Miguel de
_d1547-1616
_9213
245 1 0 _aThe History of the ewnowned don Quixote de la Mancha
_cWritten in Spanish by Miguel de Cervantes Saavedra.
260 _aLondres
_bSam Buckley
_c1712
300 _a4 v.
_bil.
_c16 cm.
_eláminas plegables
500 _aContenido : v 1. Primera parte. Texto. -- v 2. Texto. -- v 3. Segunda parte. Prólogo del autor. Texto. -- v 4. Texto
500 _aEdición : Traslated from the Original by several Hands and published by Peter Motteux servent to his Majesty. Adorn´d with sculptures. Nullum ingenium sine mixtura dementiae
500 _aTercera edición de la traducción de Motteux. (Reimpresión de la anterior). Piel; lomos adornados con dorados Lúdovik Osterc
500 _aCon ex-libris de : George Agar Ellis
500 _aQM403A(EB)
546 _aTexto en : inglés
650 1 4 _aNovela española
_yÉpoca clásica, 1500-1700
_9215
650 1 4 _aLiteratura española
_yÉpoca clásica, 1500-1700
_9216
650 1 4 _aNovela española
_ySiglo XVII
_9217
650 1 4 _aDon Quijote (Personaje ficticio)
_eNovela
_9218
700 1 _aMotteux, Peter Anthony
_d1663-1718
_eTraductor
_98563
740 0 _aEl Ingenioso Hidalgo Don Quijote de la Mancha
902 _aQFM
942 _2lcc
_cB
999 _c2928
_d2928